ბათუმის შოთა რუსთაველის სახელმწიფო უნივერსიტეტის ბიბლიოთეკა

Новая и новейшая история : (ბიბ.ჩანაწერი № 56835)

000 -LEADER
fixed length control field 00707nam a2200181 4500
005 - DATE AND TIME OF LATEST TRANSACTION
control field 20200218143627.0
008 - FIXED-LENGTH DATA ELEMENTS--GENERAL INFORMATION
fixed length control field 190510c2019 ру ||||| |||| 00| 0 рус d
022 ## - INTERNATIONAL STANDARD SERIAL NUMBER
International Standard Serial Number 0130-3864
041 ## - LANGUAGE CODE
Language code of text/sound track or separate title рус
245 ## - TITLE STATEMENT
Title Новая и новейшая история :
Remainder of title 2019. N2 март-апрель /
Statement of responsibility, etc. Гл.ред.: Мирзеханов В.С.
260 ## - PUBLICATION, DISTRIBUTION, ETC.
Place of publication, distribution, etc. Москва :
Name of publisher, distributor, etc. Российская академия наук,
Date of publication, distribution, etc. 2019.
300 ## - PHYSICAL DESCRIPTION
Extent V.
653 ## - INDEX TERM--UNCONTROLLED
Uncontrolled term ისტორია
653 ## - INDEX TERM--UNCONTROLLED
Uncontrolled term Новая и новеищая история март-апрель N2 2019.
653 ## - INDEX TERM--UNCONTROLLED
Uncontrolled term периодика
700 ## - ADDED ENTRY--PERSONAL NAME
Personal name Мирзеханов, В.С.
Relator term Гл. редактор
9 (RLIN) 989
942 ## - ADDED ENTRY ELEMENTS (KOHA)
Source of classification or shelving scheme
Koha item type პერიოდიკა
ეგზემპლარები
Withdrawn status Lost status Source of classification or shelving scheme Damaged status Not for loan Permanent Location Current Location Date acquired Serial Enumeration / chronology Barcode Date last seen Copy number Price effective from Koha item type
        შიდა ფონდი ბათუმის შოთა რუსთაველის სახელმწიფო უნივერსიტეტის მთავარი ბიბლიოთეკა ბათუმის შოთა რუსთაველის სახელმწიფო უნივერსიტეტის მთავარი ბიბლიოთეკა 2019-05-10 N 2 март-апрель (2019) p80029 2019-05-10 p80029 2019-05-10 პერიოდიკა
        შიდა ფონდი ბათუმის შოთა რუსთაველის სახელმწიფო უნივერსიტეტის მთავარი ბიბლიოთეკა ბათუმის შოთა რუსთაველის სახელმწიფო უნივერსიტეტის მთავარი ბიბლიოთეკა 2019-08-05 N 3 (2019) p80174 2019-08-05 p80174 2019-08-05 პერიოდიკა
        შიდა ფონდი ბათუმის შოთა რუსთაველის სახელმწიფო უნივერსიტეტის მთავარი ბიბლიოთეკა ბათუმის შოთა რუსთაველის სახელმწიფო უნივერსიტეტის მთავარი ბიბლიოთეკა 2019-10-21 N 4 (2019) p80254 2019-10-21 p80254 2019-10-21 პერიოდიკა
        შიდა ფონდი ბათუმის შოთა რუსთაველის სახელმწიფო უნივერსიტეტის მთავარი ბიბლიოთეკა ბათუმის შოთა რუსთაველის სახელმწიფო უნივერსიტეტის მთავარი ბიბლიოთეკა 2019-11-06 N 5 (2019) p80298 2019-11-06 p80298 2019-11-06 პერიოდიკა
        შიდა ფონდი ბათუმის შოთა რუსთაველის სახელმწიფო უნივერსიტეტის მთავარი ბიბლიოთეკა ბათუმის შოთა რუსთაველის სახელმწიფო უნივერსიტეტის მთავარი ბიბლიოთეკა 2020-02-18 N 6 (2019) p80576 2020-02-18 p80576 2020-02-18 პერიოდიკა